Bioinorganic chemistry: An introduction (Record no. 358456)

MARC details
000 -LEADER
fixed length control field 00505 a2200193 4500
005 - DATE & TIME
control field 20250430093826.0
008 - FIXED-LENGTH DATA ELEMENTS--GENERAL INFORMATION
fixed length control field 250428b |||||||| |||| 00| 0 eng d
020 ## - ISBN
International Standard Book Number 9781639878581
Price $ 99.00
040 ## - CATALOGING SOURCE
Original cataloging agency VIVEKANANDA LIBRARY
082 ## - DDC NUMBER
Classification number 572.51
Book Number W671B
100 ## - MAIN ENTRY--PERSONAL NAME
Personal name Williams, Freya
245 ## - TITLE STATEMENT
Title Bioinorganic chemistry: An introduction
260 ## - PUBLICATION, DISTRIBUTION, ETC. (IMPRINT)
Name of publisher, distributor, etc Murphy and Moore
Date of publication, distribution, etc 2024
Place of publication, distribution, etc New York
300 ## - PHYSICAL DESCRIPTION
Pages viii, 237
650 ## - Subject
Subject Biochemistry
650 ## - Subject
General subdivision Chemistry-Inorganic
650 ## - Subject
General subdivision Biochemistry
942 ## - ADDED ENTRY ELEMENTS (KOHA)
Koha item type Books
Holdings
Withdrawn status Lost status Source of classification or shelving scheme Damaged status Not for loan Location (home branch) Sublocation or collection (holding branch) Shelving location Date acquired Koha issues (times borrowed) Koha full call number Accession No. Koha date last seen Koha item type
    Dewey Decimal Classification     VIVEKANANDA LIBRARY VIVEKANANDA LIBRARY Vivekananda Library 23/12/2024   572.51 W671B 441371 23/12/2024 Books
© Designed and Maintained by Vivekananda Library, MDU Rohtak